| 000 | 00373nam a2200145Ia 4500 | ||
|---|---|---|---|
| 008 | 230917s9999||||xx |||||||||||||| ||und|| | ||
| 040 |
_e143194 _aMAIN |
||
| 041 | _aEnglish | ||
| 082 | _a954.01 K124M | ||
| 100 | _aKala, Satishchandra | ||
| 245 | 0 | _aMohanjodaro tatha Sindhu Sabhyata | |
| 260 |
_aKashi _bNagripracharini Sabha _c[n.d.] |
||
| 300 | _a210 p. | ||
| 942 | _cBK | ||
| 999 |
_c202295 _d202295 |
||